000 00305nam a2200121 i 4500
001 bg
245 0 _aOrganizacja i zarządzanie. :
_bZarys problematyki /
_cpod red. A. Stabryły.
260 _aWarszawa,
_c1986.
040 _cBPK
041 _apol
942 _cKS
008 s pl f |000 0 pol
999 _c5880
_d5880
856 _uhttp://koha.tu.koszalin.pl/cgi-bin/koha/opac-detail.pl?biblionumber=5880
_yKatalog online BPK